MARC details
| 000 -CABECERA |
| campo de control de longitud fija |
00801nam a2200193 a 4500 |
| 005 - FECHA Y HORA DE LA ÚLTIMA TRANSACCIÓN |
| campo de control |
20240530063614.0 |
| 008 - ELEMENTOS DE LONGITUD FIJA--INFORMACIÓN GENERAL |
| campo de control de longitud fija |
010702s1997 mx r 000 0 spa d |
| 020 ## - NÚMERO INTERNACIONAL NORMALIZADO PARA LIBROS |
| Número Internacional Estándar del Libro |
9684940793 |
| 035 ## - NÚMERO DE CONTROL DEL SISTEMA |
| Número de control de sistema |
UPN01000109083 |
| 049 ## - COLECCIÓN |
| Colección |
CG |
| 050 #4 - SIGNATURA TOPOGRÁFICA DE LA BIBLIOTECA DEL CONGRESO |
| Número de clasificación |
PQ6085 |
| Número de documento/Ítem |
V4.5 |
| 245 00 - MENCIÓN DE TÍTULO |
| Título |
24 poetas latinoamericanos : |
| Resto del título |
Borges, Girondo, Cabral, Drummond, Mutis, Azofeifa, Guillén, Lezama, Lima, Huidobro, Neruda, Parra, Cardoza y Aragón, Pellicer, Paz, Sabines, Pasos, Cardenal, Vallejo, Sologuren, Palés Matos, Mir, Benedetti, Gerbasi, Montejo / |
| Mención de responsabilidad, etc. |
selec. y pról. Francisco Serrano |
| 260 ## - PUBLICACIÓN, DISTRIBUCIÓN, ETC. |
| Lugar de publicación, distribución, etc. |
México : |
| Nombre del editor, distribuidor, etc. |
CIDCLI, |
| Fecha de publicación, distribución, etc. |
1997 |
| 300 ## - DESCRIPCIÓN FÍSICA |
| Extensión |
254 p. : |
| Material acompañante/anejo |
fots. |
| 500 ## - NOTA GENERAL |
| Nota general |
"Coedición latinoamericana" |
| 650 #4 - ASIENTO SECUNDARIO DE MATERIA - TERMINO TEMATICO |
| Término de materia o nombre geográfico como elemento de entrada |
Poesía Española |
| Subdivisión cronológica |
Siglo XX |
| 9 (RLIN) |
1243 |
| 700 1# - ASIENTO SECUNDARIO--NOMBRE DE PERSONAL |
| Nombre de persona |
Serrano, Francisco, |
| Fechas asociadas al nombre |
1949- |
| Término indicativo de función/relación |
comp. |
| 9 (RLIN) |
39021 |
| 905 ## - TIPO DE MATERIAL |
| Tipo de material |
Libro |